|
|
|
|
| LEADER |
00897naa a2200229 i 4500 |
| 001 |
acta69409 |
| 005 |
20230309155700.0 |
| 008 |
200703s2015 hu o 0|| hun d |
| 020 |
|
|
|a 978 963 306 413 9
|
| 040 |
|
|
|a SZTE Egyetemi Kiadványok Repozitórium
|b hun
|
| 041 |
|
|
|a hun
|
| 041 |
|
|
|a eng
|
| 100 |
1 |
|
|a Virtanen Timo J.
|
| 245 |
1 |
2 |
|a A "Sárga emlékszoba" és az Aura folyó konceptualizálása
|h [elektronikus dokumentum] /
|c Virtanen Timo J.
|
| 260 |
|
|
|c 2015
|
| 300 |
|
|
|a 33-46
|
| 490 |
0 |
|
|a Folyók és városok = Rivers and towns
|
| 650 |
|
4 |
|a Társadalomtudományok
|
| 650 |
|
4 |
|a Szociológia
|
| 695 |
|
|
|a Kulturális antropológia, Néprajz - Finnország, Fürdőkultúra, Életmód - városi - Finnország
|
| 710 |
|
|
|a Nemzetközi Néprajzi Szeminárium (8.) (2007) (Szeged)
|
| 856 |
4 |
0 |
|u http://acta.bibl.u-szeged.hu/69409/1/mod_laszlo_folyok_es_varosok_033-046.pdf
|z Dokumentum-elérés
|